Quiz sull'Ucraina - Statistics

Statistiche generali
  • Questo quiz è stato fatto 1.468 volte
  • Il punteggio medio è 11 su 22
Statistiche sulle risposte
Domanda Risposta % Corretto
Capitale Kiev
100%
Il più grande mare che tocca il Paese Mar Nero
91%
Luogo noto per un grave incidente nucleare avvenuto nel 1986 Černobyl
87%
Stato di cui ha fatto parte fino al 1991 Unione Sovietica
86%
Alfabeto usato Cirillico
84%
Penisola conquistata dalla Russia nel 2014 Crimea
79%
Paese più piccolo (e più povero) che confina con l'Ucraina Moldavia
79%
Città più popolosa posta sul mare precedente Odessa
68%
Religione maggioritaria Cristiana Ortodossa
59%
Ex professione dell'attuale Presidente Volodymyr Zelens'kyj Comico
54%
La maggior parte degli ucraini sono di etnia Slava
43%
Catena montuosa a sud-ovest del Paese Carpazi
42%
Milioni di persone morirono tra il 1932 e il 1933 per questo motivo Holodomor (Carestia)
40%
Così sono chiamate le province Oblast'
40%
Fiume più lungo Dnepr
34%
Seconda città più popolosa (inizia per C) Charkiv
32%
Zuppa di barbabietola ucraina Boršč
23%
Antica comunità militare (mercenaria) che proteggeva i confini della Russia Cosacchi
21%
Sport in cui i fratelli Volodymyr e Vitalij Klyčko erano campioni Pugilato
20%
Proteste avvenute nel 2004 dopo
brogli elettorali e l'avvelenamento di
un candidato presidenziale
Rivoluzione {Arancione}
20%
Nel 1992, l'Ucraina ha rinunciato alla sua grandescorta di Armi nucleari
19%
Nel 2014, i separatisti russi hanno abbattuto un aereo di questa compagnia aerea {Malaysia} Airlines
17%
Nessun quiz corrispondente trovato
Distribuzione punteggi
Percentuale di utenti per punteggio
Percentile per numero di risposta
I tuoi punteggi nel tempo
Non hai fatto questo quiz